[Event "Festival Magistrale"]
[Site "Jesolo ITA"]
[Date "1999.12.??"]
[Round "3"]
[White "Alberton, Roberto"]
[Black "Solinas, Carlo"]
[Result "1/2-1/2"]
[WhiteElo "2138"]
[BlackElo "2087"]
[PlyCount "112"]
[EventDate "1999.12.26"]

1. Nf3 f5 2. d4 Nf6 3. c4 e6 4. g3 d5 5. Bg2 c6 6. O-O Bd6 7. b3 O-O 8. Ba3
Bxa3 9. Nxa3 Qa5 10. Nc2 Ne4 11. Qd3 Qc3 12. Ne5 Qxd3 13. exd3 Nd6 14. f4 Nd7
15. Nf3 Nf7 16. Rfe1 Nf6 17. Ne3 Bd7 18. Nd1 b5 19. Nc3 a5 20. Ne5 Nxe5 21.
dxe5 b4 22. exf6 bxc3 23. fxg7 Rfc8 24. d4 a4 25. Rac1 axb3 26. axb3 Ra3 27.
Rxc3 dxc4 28. Rxc4 Rxb3 29. Rec1 Kxg7 30. Bxc6 Bxc6 31. Rxc6 Rxc6 32. Rxc6 Kf7
33. Rc7+ Kg6 34. Re7 Rb6 35. Kf2 h6 36. Rd7 Rb2+ 37. Kf3 Rb3+ 38. Kg2 Rb2+ 39.
Kh3 Rd2 40. Rd6 Kf7 41. Rd7+ Kf6 42. g4 fxg4+ 43. Kxg4 Rg2+ 44. Kh3 Rd2 45. Kg3
Kf5 46. Rf7+ Kg6 47. Rd7 Kf5 48. Rd6 Rd3+ 49. Kh4 h5 50. Ra6 Rxd4 51. Kxh5 Rxf4
52. Ra8 e5 53. Rf8+ Ke4 54. Re8 Rf7 55. Kg6 Rf4 56. Kg5 Rf5+ 1/2-1/2

[Event "Festival Magistrale"]
[Site "Jesolo ITA"]
[Date "1999.12.??"]
[Round "3"]
[White "Caruso, Augusto"]
[Black "Borgo, Giulio"]
[Result "0-1"]
[WhiteElo "2219"]
[BlackElo "2444"]
[PlyCount "112"]
[EventDate "1999.12.26"]

1. e4 c5 2. Nf3 e6 3. d4 cxd4 4. Nxd4 Nc6 5. Nc3 a6 6. Be3 Qc7 7. f4 b5 8. Qf3
Bb7 9. Bd3 Nf6 10. O-O-O Nxd4 11. Bxd4 Bc5 12. Bxc5 Qxc5 13. Rhe1 b4 14. Nb1
O-O 15. Nd2 Rac8 16. g4 d5 17. e5 Ne4 18. g5 Qa5 19. Nxe4 dxe4 20. Bxe4 Bxe4
21. Qxe4 b3 22. axb3 Qa1+ 23. Kd2 Qxb2 24. Rc1 Rfd8+ 25. Ke3 Qc3+ 26. Kf2 Qd2+
27. Kg1 Rd4 28. Qe3 Qxe3+ 29. Rxe3 Rxf4 30. c4 g6 31. Kg2 Kg7 32. Kg3 Rf5 33.
h4 h6 34. gxh6+ Kxh6 35. c5 Kh5 36. Re4 Rb8 37. b4 g5 38. hxg5 Rxg5+ 39. Kh3
Kg6 40. c6 Kf5 41. Rec4 Rh5+ 42. Kg3 Rg8+ 43. Kf2 Rh2+ 44. Ke3 Kxe5 45. Rc5+
Kf6 46. c7 Rh3+ 47. Kf2 Rc8 48. Rc6 Rh4 49. Rb6 Ke7 50. Ke3 Kd7 51. Rb7 Rh5 52.
Ra7 Rb5 53. Rc4 Rb6 54. Kd4 f5 55. Ke5 Ke7 56. Kf4 Kf6 0-1

[Event "Festival Magistrale"]
[Site "Jesolo ITA"]
[Date "1999.12.??"]
[Round "3"]
[White "Costantini, Roberto"]
[Black "Samaritani, Fabio"]
[Result "1/2-1/2"]
[WhiteElo "2196"]
[BlackElo "2281"]
[PlyCount "20"]
[EventDate "1999.12.26"]

1. e4 e5 2. Nf3 Nc6 3. Bc4 Bc5 4. c3 Nf6 5. d3 a6 6. Bb3 O-O 7. Nbd2 Ba7 8. h3
d5 9. O-O dxe4 10. dxe4 Qe7 1/2-1/2

[Event "Festival Magistrale"]
[Site "Jesolo ITA"]
[Date "1999.12.??"]
[Round "3"]
[White "Danieli, Enrico"]
[Black "Barberi, Alessandro"]
[Result "1-0"]
[WhiteElo "2039"]
[BlackElo "2180"]
[PlyCount "77"]
[EventDate "1999.12.26"]

1. Nf3 c5 2. e3 g6 3. d4 Bg7 4. c3 b6 5. Be2 Bb7 6. O-O e6 7. Nbd2 d5 8. Ne5
Nc6 9. f4 Nge7 10. Ndf3 O-O 11. Bd2 f6 12. Nd3 Qd6 13. Qc2 Rac8 14. Nf2 e5 15.
dxc5 bxc5 16. Rad1 Kh8 17. Bc1 Qc7 18. e4 d4 19. fxe5 fxe5 20. Ng5 Nd8 21. Qd3
h6 22. Qh3 Ng8 23. Ng4 c4 24. Rxf8 Bxf8 25. Bxc4 Qxc4 26. Nxe5 Qe2 27. Rf1 Bc5
28. Nxg6+ Kg7 29. Qd7+ Ne7 30. cxd4 Ba6 31. h4 Qxf1+ 32. Kh2 hxg5 33. dxc5 Kxg6
34. Qxe7 Qf6 35. h5+ Kxh5 36. Qxf6 Rxc5 37. Qxa6 Rxc1 38. Qf6 Nc6 39. Qf3+ 1-0

[Event "Festival Magistrale"]
[Site "Jesolo ITA"]
[Date "1999.12.??"]
[Round "3"]
[White "Dervishi, Erald"]
[Black "Dancevski, Orce"]
[Result "1-0"]
[WhiteElo "2496"]
[BlackElo "2429"]
[PlyCount "91"]
[EventDate "1999.12.26"]

1. e4 c5 2. Nf3 Nc6 3. d4 cxd4 4. Nxd4 g6 5. Nc3 Bg7 6. Be3 Nf6 7. Bc4 d6 8. f3
O-O 9. Qd2 Bd7 10. O-O-O Qb8 11. h4 b5 12. Bd5 Rc8 13. Nxc6 Bxc6 14. Bd4 b4 15.
Ne2 e5 16. Bxc6 Rxc6 17. Be3 Qc7 18. Kb1 a5 19. c3 Rd8 20. cxb4 axb4 21. Qxb4
d5 22. Rc1 d4 23. Bd2 Ra8 24. Qb5 Rxc1+ 25. Rxc1 Qa7 26. Qc4 Bf8 27. Rf1 Ne8
28. Nc1 Nd6 29. Qd3 Rb8 30. Nb3 Ra8 31. Nc1 Rd8 32. Nb3 Ra8 33. a3 Rb8 34. Bb4
Nb5 35. Bxf8 Kxf8 36. Ka2 Qe7 37. Qc4 Nd6 38. Qd5 Rb5 39. Nc5 Kg8 40. Rc1 Kg7
41. g3 h5 42. f4 Nb7 43. b4 exf4 44. Qxd4+ Kh7 45. Nd7 Qe6+ 46. Kb2 1-0

[Event "Festival Magistrale"]
[Site "Jesolo ITA"]
[Date "1999.12.??"]
[Round "3"]
[White "Djuric, Stefan"]
[Black "Chatalbashev, Boris"]
[Result "1-0"]
[WhiteElo "2504"]
[BlackElo "2524"]
[PlyCount "78"]
[EventDate "1999.12.26"]

1. d4 g6 2. e4 Bg7 3. Nf3 c5 4. d5 Nf6 5. Nc3 O-O 6. e5 Ne8 7. d6 Nc6 8. Bg5 f6
9. exf6 Nxf6 10. Bc4+ e6 11. O-O b6 12. Re1 Bb7 13. Nb5 Rc8 14. a4 a6 15. Nc7
Rxc7 16. dxc7 Qxc7 17. Bxf6 Bxf6 18. c3 Na5 19. Bd3 Bxf3 20. gxf3 c4 21. Bc2
Nc6 22. Re4 b5 23. axb5 axb5 24. Qe2 Be5 25. Rh4 Ne7 26. Qe3 Nd5 27. Qh6 d6 28.
Re4 Nf4 29. Kh1 d5 30. Ree1 Bg7 31. Qh4 e5 32. Ra6 Qb7 33. Rea1 Qf7 34. Ra7 Qf6
35. Qxf6 Bxf6 36. Rb7 Nd3 37. Rxb5 d4 38. Bxd3 cxd3 39. Rd5 39... Rb8 {...} 1-0

[Event "Festival Magistrale"]
[Site "Jesolo ITA"]
[Date "1999.12.??"]
[Round "3"]
[White "Fercec, Nenad"]
[Black "Patelli, Alessandro"]
[Result "1-0"]
[WhiteElo "2476"]
[BlackElo "2225"]
[PlyCount "139"]
[EventDate "1999.12.26"]

1. e4 c5 2. Nf3 Nc6 3. d4 cxd4 4. Nxd4 Nf6 5. Nc3 d6 6. Bg5 e6 7. Qd2 a6 8.
O-O-O h6 9. Be3 Nxd4 10. Bxd4 Be7 11. f4 b5 12. Bd3 Rb8 13. e5 dxe5 14. Bxe5
Rb7 15. Ne4 Rd7 16. Qe2 Bb7 17. Ng3 O-O 18. f5 Bd5 19. fxe6 fxe6 20. Kb1 Qa5
21. b3 Bb4 22. Rhf1 Bc3 23. Nh5 b4 24. Bxc3 bxc3 25. Qe5 Nxh5 26. Rxf8+ Kxf8
27. Qxh5 Rf7 28. Qe5 Qc5 29. Bc4 Rf5 30. Qxc3 Bxc4 31. Qxc4 Qxc4 32. bxc4 Ke7
33. Kb2 Rf2 34. c5 Rf5 35. c6 Rb5+ 36. Kc1 Rd5 37. Rxd5 exd5 38. Kd2 Kd6 39.
Kd3 Kxc6 40. Kd4 Kd6 41. h4 h5 42. g3 Kc6 43. c4 dxc4 44. Kxc4 Kb6 45. Kd5 Kb5
46. Ke6 Ka4 47. Kf7 Ka3 48. Kxg7 Kxa2 49. Kg6 Kb1 50. Kxh5 a5 51. g4 a4 52. g5
a3 53. g6 a2 54. g7 a1=Q 55. g8=Q Qe5+ 56. Kh6 Qf4+ 57. Qg5 Qf8+ 58. Kh7 Qf7+
59. Kh6 Qf8+ 60. Qg7 Qf4+ 61. Kh5 Qf5+ 62. Qg5 Qf3+ 63. Kg6 Qc6+ 64. Qf6 Qe8+
65. Qf7 Qc6+ 66. Kh7 Kc1 67. h5 Qe4+ 68. Kg8 Qg4+ 69. Qg6 Qc8+ 70. Kh7 {...}
1-0

[Event "Festival Magistrale"]
[Site "Jesolo ITA"]
[Date "1999.12.??"]
[Round "3"]
[White "Gallo, Enrico"]
[Black "Colovic, Aleksandar"]
[Result "1-0"]
[WhiteElo "2155"]
[BlackElo "2423"]
[PlyCount "81"]
[EventDate "1999.12.26"]

1. e4 c5 2. Nf3 d6 3. d4 cxd4 4. Nxd4 Nf6 5. Nc3 a6 6. Bc4 e6 7. O-O b5 8. Bb3
Be7 9. f4 O-O 10. Qf3 Bb7 11. a3 Nbd7 12. f5 e5 13. Nde2 Rc8 14. Be3 Nb6 15.
Rad1 Nc4 16. Bc1 a5 17. Kh1 b4 18. axb4 axb4 19. Nd5 Bxd5 20. exd5 Rc5 21. c3
bxc3 22. Nxc3 Qb8 23. Na4 Rc7 24. g4 e4 25. Qh3 e3 26. Rd3 e2 27. Re1 Ne5 28.
Re3 Rfc8 29. Bd2 Rb7 30. R1xe2 Nfxg4 31. Rg3 h5 32. Bd1 Qa7 33. Qg2 Bh4 34. Be3
Qa5 35. Rh3 Bf6 36. Bf4 Rc4 37. Bxe5 Bxe5 38. Nc3 Bxc3 39. Re8+ Kh7 40. Rxh5+
Nh6 41. Rxh6+ 1-0

[Event "Festival Magistrale"]
[Site "Jesolo ITA"]
[Date "1999.12.??"]
[Round "3"]
[White "Godena, Michele"]
[Black "Komarov, Dimitri"]
[Result "1/2-1/2"]
[WhiteElo "2490"]
[BlackElo "2582"]
[PlyCount "36"]
[EventDate "1999.12.26"]

1. e4 e6 2. d4 d5 3. Nd2 c5 4. Ngf3 cxd4 5. Nxd4 Nc6 6. Bb5 Bd7 7. Nxc6 Bxc6 8.
Bxc6+ bxc6 9. c4 Bc5 10. cxd5 cxd5 11. Qa4+ Qd7 12. Qxd7+ Kxd7 13. exd5 exd5
14. Nb3 Re8+ 15. Kd1 Bb6 16. Bd2 Ne7 17. Rc1 Rc8 18. Ke2 Rhe8 1/2-1/2

[Event "Festival Magistrale"]
[Site "Jesolo ITA"]
[Date "1999.12.??"]
[Round "3"]
[White "Golubovic, Boris"]
[Black "Timoscenko, Gennadij A."]
[Result "1/2-1/2"]
[WhiteElo "2457"]
[BlackElo "2536"]
[PlyCount "66"]
[EventDate "1999.12.26"]

1. d4 Nf6 2. g3 d5 3. Bg2 c6 4. Nf3 Bf5 5. Nh4 Bg4 6. h3 Bh5 7. g4 Bg6 8. Nxg6
hxg6 9. c3 e6 10. Bf4 Bd6 11. Bxd6 Qxd6 12. e3 Nbd7 13. f4 Ne4 14. Bxe4 dxe4
15. Nd2 f5 16. Qe2 O-O-O 17. O-O-O c5 18. Nb3 Qc6 19. Kb1 Kb8 20. Rd2 cxd4 21.
cxd4 Nb6 22. Rc2 Qd6 23. Nc5 Nd5 24. gxf5 gxf5 25. Qb5 Qe7 26. Qb3 Rd6 27. Rg2
Rb6 28. Qa3 a6 29. Rhg1 Rh7 30. Rg3 Ka7 31. Qa5 Rc6 32. a3 Nc7 33. Qa4 Nd5
1/2-1/2

[Event "Festival Magistrale"]
[Site "Jesolo ITA"]
[Date "1999.12.??"]
[Round "3"]
[White "Iordachescu, Viorel"]
[Black "Ausmins, Elmar"]
[Result "1-0"]
[WhiteElo "2553"]
[BlackElo "2261"]
[PlyCount "105"]
[EventDate "1999.12.26"]

1. e4 c5 2. Nf3 d6 3. d4 cxd4 4. Nxd4 Nf6 5. Nc3 Nc6 6. Bg5 e6 7. Qd2 Be7 8.
O-O-O O-O 9. f4 Nxd4 10. Qxd4 Qa5 11. Bc4 h6 12. Bh4 e5 13. fxe5 dxe5 14. Qd3
Bg4 15. Rdf1 g5 16. Be1 Qc5 17. Bf2 Qb4 18. a3 Qa5 19. h4 b5 20. Nd5 Nxd5 21.
Bxd5 b4 22. Be1 Rab8 23. Kb1 Qa4 24. Bb3 Qd7 25. Qxd7 Bxd7 26. axb4 Kg7 27.
hxg5 hxg5 28. Rh5 Bg4 29. Rh2 Bxb4 30. Bf2 a5 31. Rfh1 Kf6 32. Be3 Be7 33. Rh6+
Kg7 34. Bd2 Ra8 35. Bd5 Ra7 36. Rh7+ Kg8 37. Rh8+ Kg7 38. R8h7+ Kg8 39. Rh8+
Kg7 40. Be3 Rd7 41. R8h7+ Kg8 42. R7h6 Kg7 43. Ra6 Bd8 44. c4 Rh8 45. Rxh8 Kxh8
46. Ra8 Kg7 47. c5 Be6 48. Bxe6 fxe6 49. Kc2 g4 50. g3 Kf7 51. c6 Rd6 52. Rc8
a4 53. Bc5 1-0

[Event "Festival Magistrale"]
[Site "Jesolo ITA"]
[Date "1999.12.??"]
[Round "3"]
[White "Klaric, Zlatko"]
[Black "Ventura, Boris"]
[Result "1/2-1/2"]
[WhiteElo "2422"]
[BlackElo "2127"]
[PlyCount "95"]
[EventDate "1999.12.26"]

1. d4 Nf6 2. Bg5 e6 3. e4 h6 4. Bxf6 Qxf6 5. Nc3 Bb4 6. Nf3 O-O 7. Bd3 c5 8. e5
Qe7 9. Qe2 cxd4 10. Qe4 g6 11. Qxd4 Nc6 12. Qf4 Kg7 13. h4 d6 14. h5 dxe5 15.
Qg3 g5 16. Nxe5 Bxc3+ 17. bxc3 Qf6 18. Nxc6 Qxc3+ 19. Ke2 Qxc6 20. f4 Qc7 21.
Rhf1 f5 22. Qe3 g4 23. Qd4+ Kf7 24. Rf2 Rd8 25. Qb2 b6 26. Re1 Bb7 27. g3 Rd6
28. Kf1 Qc6 29. Qe5 Rad8 30. Qe3 Qd5 31. a3 Bc6 32. Qc1 Bb5 33. Bxb5 Qxb5+ 34.
Kg2 Qc6+ 35. Kh2 Qd7 36. Qe3 Rd2 37. Rfe2 Qd5 38. Qc3 Qd4 39. Qc7+ Qd7 40. Qc4
Qd5 41. Qc3 Qd4 42. Qc7+ Rd7 43. Qe5 Qd5 44. Qc3 Rxe2+ 45. Rxe2 Qd4 46. Qc8 Qd1
47. Qc4 Qd5 48. Qc3 1/2-1/2

[Event "Festival Magistrale"]
[Site "Jesolo ITA"]
[Date "1999.12.??"]
[Round "3"]
[White "Miladinovic, Igor"]
[Black "Rotstein, Arkadij"]
[Result "1-0"]
[WhiteElo "2526"]
[BlackElo "2460"]
[PlyCount "72"]
[EventDate "1999.12.26"]

1. d4 d6 2. e4 Nf6 3. Nc3 Nbd7 4. Nf3 e5 5. Bc4 Be7 6. O-O O-O 7. Re1 c6 8. a4
b6 9. d5 c5 10. Nd2 a6 11. Bd3 Ne8 12. Nc4 Bg5 13. g3 Bxc1 14. Qxc1 Rb8 15. b3
g6 16. f4 Qf6 17. Qd2 Ng7 18. Kh1 Re8 19. Rf1 Qe7 20. Rf3 Nh5 21. Raf1 exf4 22.
gxf4 b5 23. Na5 b4 24. Nd1 Qh4 25. Nc4 Qe7 26. Nde3 f6 27. Qg2 Kh8 28. Na5 Ra8
29. Nec4 Qf8 30. Rg1 Ra7 31. Nc6 Rc7 32. e5 dxe5 33. fxe5 Rxc6 34. Bxg6 Nxe5
35. Bxe8 Nxf3 36. Qxf3 Qxe8 1-0

[Event "Festival Magistrale"]
[Site "Jesolo ITA"]
[Date "1999.12.??"]
[Round "3"]
[White "Mrdja, Milan"]
[Black "Rossato, Armando"]
[Result "1-0"]
[WhiteElo "2425"]
[BlackElo "2219"]
[PlyCount "106"]
[EventDate "1999.12.26"]

1. e4 e6 2. d4 d5 3. Nc3 Bb4 4. e5 c5 5. a3 Bxc3+ 6. bxc3 Qc7 7. Qg4 f6 8. Nf3
c4 9. a4 Nc6 10. Qg3 Qf7 11. Ba3 Nge7 12. Be2 O-O 13. exf6 Qxf6 14. O-O Bd7 15.
Qc7 Rfd8 16. Qxb7 Ng6 17. Bd6 Qf5 18. Qb1 h5 19. Qc1 Be8 20. Bg3 Bf7 21. Re1
Rf8 22. Bf1 h4 23. Nxh4 Nxh4 24. Bxh4 Rae8 25. Bg3 Bg6 26. Re2 Bh5 27. f3 Rf6
28. Qe3 Rg6 29. Rae1 Rf8 30. Qd2 Rf7 31. Re5 Nxe5 32. Rxe5 Qf6 33. Rxh5 Rb7 34.
Re5 Qf7 35. Re1 Rb2 36. Rc1 Qe7 37. Ra1 Rf6 38. Qc1 Qb7 39. Bd6 Rf7 40. Bb4
Rxb4 41. cxb4 Qxb4 42. c3 Qd6 43. Qe3 Rb7 44. g3 Re7 45. f4 g5 46. Re1 gxf4 47.
Qxf4 Qa3 48. Qg4+ Kf8 49. Rb1 Qxa4 50. Rb8+ Re8 51. Qf4+ Kg8 52. Qg5+ Kf8 53.
Qf6+ Kg8 1-0

[Event "Festival Magistrale"]
[Site "Jesolo ITA"]
[Date "1999.12.??"]
[Round "3"]
[White "Palac, Mladen"]
[Black "Naumkin, Igor"]
[Result "1-0"]
[WhiteElo "2610"]
[BlackElo "2489"]
[PlyCount "77"]
[EventDate "1999.12.26"]

1. e4 e6 2. d4 d5 3. Nd2 c5 4. exd5 Qxd5 5. dxc5 Bxc5 6. Ngf3 Nf6 7. Bc4 Qd6 8.
Qe2 Nbd7 9. O-O O-O 10. Nb3 b6 11. Rd1 Qc7 12. Nxc5 Qxc5 13. Bf4 Bb7 14. Ne5
Nxe5 15. Bxe5 Ne4 16. Bd4 Qc7 17. f3 Rac8 18. Bb3 Nc5 19. Be5 Qc6 20. Bc4 Qa4
21. b3 Qa3 22. Qe3 f6 23. Bd6 Rfe8 24. Bxe6+ Kh8 25. Bxc5 Rxc5 26. Bf7 Rce5 27.
Qd4 Rf8 28. b4 Re2 29. Bb3 Rfe8 30. Rd2 R2e7 31. Rad1 Qa6 32. c4 Ba8 33. Qc3
Qc8 34. Rd6 Qf5 35. Ba4 Rg8 36. Rd8 Bb7 37. c5 bxc5 38. Rxg8+ Kxg8 39. Qc4+ 1-0

[Event "Festival Magistrale"]
[Site "Jesolo ITA"]
[Date "1999.12.??"]
[Round "3"]
[White "Rogulj, Branko"]
[Black "Drazic, Sinisa"]
[Result "1/2-1/2"]
[WhiteElo "2427"]
[BlackElo "2493"]
[PlyCount "106"]
[EventDate "1999.12.26"]

1. e4 e6 2. d4 c5 3. Nf3 a6 4. c3 d5 5. e5 Bd7 6. a3 cxd4 7. cxd4 Bb5 8. Bxb5+
axb5 9. Bg5 Qa5+ 10. Nbd2 h6 11. Be3 b4 12. O-O bxa3 13. bxa3 Ne7 14. Qb3 Ra7
15. Nb1 Qa4 16. Qb2 Qd7 17. Nc3 Nec6 18. Nb5 Ra6 19. Rfc1 Be7 20. Nd6+ Bxd6 21.
exd6 Qxd6 22. Qxb7 O-O 23. Bd2 Rd8 24. a4 Rd7 25. Qb5 Na7 26. Qb2 Rb6 27. Qa2
Rdb7 28. a5 Rb2 29. Qa4 Nbc6 30. Bc3 R2b5 31. Ne5 Nxe5 32. dxe5 Qa6 33. Bd4 Nc6
34. Bb6 Nxe5 35. Rc8+ Kh7 36. Qc2+ f5 37. Re1 Nd3 38. Rd1 Nb4 39. Qc1 e5 40. h3
e4 41. Rf8 R7xb6 42. axb6 Rxb6 43. Rxf5 Rg6 44. Qc5 Qe6 45. Qf8 e3 46. fxe3 Nc2
47. Rf3 Nxe3 48. Rd2 Nc4 49. Rdf2 Nd2 50. Ra3 Qe4 51. Qf5 Qe7 52. Rd3 Ne4 53.
Rf4 Ng3 1/2-1/2

[Event "Festival Magistrale"]
[Site "Jesolo ITA"]
[Date "1999.12.??"]
[Round "3"]
[White "Scalcione, Michelangelo"]
[Black "Guido, Flavio"]
[Result "0-1"]
[WhiteElo "2177"]
[BlackElo "2367"]
[PlyCount "52"]
[EventDate "1999.12.26"]

1. Nf3 d5 2. d4 Nf6 3. c4 e6 4. Nc3 c5 5. cxd5 Nxd5 6. e4 Nxc3 7. bxc3 cxd4 8.
cxd4 Bb4+ 9. Bd2 Bxd2+ 10. Qxd2 O-O 11. Bc4 Nc6 12. O-O b6 13. Rac1 Bb7 14.
Rfd1 Rc8 15. Qf4 Qf6 16. Qe3 Rfd8 17. d5 Na5 18. Bd3 Rxc1 19. Rxc1 exd5 20. e5
Qe7 21. Nd4 Nc4 22. Bxc4 dxc4 23. h3 Qd7 24. Rd1 Qd5 25. Qg3 c3 26. Kh2 g6 0-1

[Event "Festival Magistrale"]
[Site "Jesolo ITA"]
[Date "1999.12.??"]
[Round "3"]
[White "Vancini, Edoardo"]
[Black "Ortega, Lexy"]
[Result "1/2-1/2"]
[WhiteElo "2255"]
[BlackElo "2499"]
[PlyCount "33"]
[EventDate "1999.12.26"]

1. e4 c5 2. c3 d5 3. exd5 Qxd5 4. d4 Nf6 5. Nf3 Bg4 6. dxc5 Qxd1+ 7. Kxd1 Nc6
8. Kc2 e5 9. b4 Bf5+ 10. Kb2 Ng4 11. Be3 a5 12. a3 g6 13. Nfd2 axb4 14. axb4
Rxa1 15. Kxa1 Bg7 16. Bc4 O-O 17. Kb2 1/2-1/2

[Event "Festival Magistrale"]
[Site "Jesolo ITA"]
[Date "1999.12.??"]
[Round "4"]
[White "Barberi, Alessandro"]
[Black "Mosca, Leonildo"]
[Result "0-1"]
[WhiteElo "2180"]
[BlackElo "2102"]
[PlyCount "66"]
[EventDate "1999.12.26"]

1. d4 Nf6 2. c4 c5 3. d5 b5 4. cxb5 a6 5. b6 Qxb6 6. Nc3 g6 7. Nf3 d6 8. Nd2
Nbd7 9. e4 Bg7 10. Be2 O-O 11. Nc4 Qc7 12. Bf4 Rb8 13. Qc2 Ne8 14. g4 Ne5 15.
Ne3 Qa5 16. O-O Qb4 17. Rab1 Nc7 18. a4 Bd7 19. Bg5 f6 20. Bh4 Bh6 21. f4 Bxf4
22. Rxf4 g5 23. Rf2 gxh4 24. Qc1 Kh8 25. Nc2 Qb6 26. Qh6 Bxg4 27. Ne3 Rg8 28.
Kh1 Rg6 29. Qxh4 Rbg8 30. h3 Bxe2 31. Nxe2 Qb3 32. Nc3 Rg3 33. Nf5 Rxc3 0-1

[Event "Festival Magistrale"]
[Site "Jesolo ITA"]
[Date "1999.12.??"]
[Round "4"]
[White "Borgo, Giulio"]
[Black "Iordachescu, Viorel"]
[Result "0-1"]
[WhiteElo "2444"]
[BlackElo "2553"]
[PlyCount "65"]
[EventDate "1999.12.26"]

1. e4 g6 2. d4 Bg7 3. Nf3 d6 4. c3 Nf6 5. Bd3 O-O 6. O-O c5 7. Nbd2 cxd4 8.
cxd4 Nc6 9. b3 Nh5 10. Bb2 Nf4 11. Bb1 Bg4 12. Qe1 e5 13. d5 Ne7 14. g3 Nh3+
15. Kg2 f5 16. Ng1 Nxg1 17. Rxg1 Bh6 18. h3 Bh5 19. Nc4 b5 20. Na5 Qb6 21. Rf1
Rf7 22. Bd3 Raf8 23. Bc1 Bxc1 24. Rxc1 Bf3+ 25. Kg1 Bxe4 26. Bxe4 fxe4 27. Nc6
Nf5 28. Kg2 e3 29. f3 e2 30. Rf2 Ne3+ 31. Kh2 Rxf3 32. Rxe2 Rf1 33. Qd2 0-1

[Event "Festival Magistrale"]
[Site "Jesolo ITA"]
[Date "1999.12.??"]
[Round "4"]
[White "Boscolo, Fabio"]
[Black "Alberton, Roberto"]
[Result "0-1"]
[WhiteElo "1873"]
[BlackElo "2138"]
[PlyCount "66"]
[EventDate "1999.12.26"]

1. Nf3 c5 2. g3 Nc6 3. Bg2 e5 4. d3 g6 5. e4 Bg7 6. O-O Nge7 7. Nc3 O-O 8. Ne1
d6 9. h3 Be6 10. f4 Nd4 11. Ne2 Qd7 12. Kh2 Rac8 13. c3 Nxe2 14. Qxe2 b5 15.
Nf3 h6 16. Be3 b4 17. Qd2 bxc3 18. bxc3 Kh7 19. c4 exf4 20. gxf4 Bxa1 21. Rxa1
f5 22. Qc2 Nc6 23. h4 Qf7 24. h5 gxh5 25. Nh4 Qf6 26. Qf2 Qxa1 27. exf5 Bf7 28.
f6 Qxf6 29. Be4+ Kh8 30. Bxc6 Rxc6 31. Bd2 Be8 32. Qe1 Kg8 33. Qg3+ Kh7 0-1

[Event "Festival Magistrale"]
[Site "Jesolo ITA"]
[Date "1999.12.??"]
[Round "4"]
[White "Colovic, Aleksandar"]
[Black "Costantini, Roberto"]
[Result "1-0"]
[WhiteElo "2423"]
[BlackElo "2196"]
[PlyCount "45"]
[EventDate "1999.12.26"]

1. e4 c5 2. Nf3 d6 3. d4 cxd4 4. Nxd4 Nf6 5. Nc3 a6 6. Bc4 e6 7. Bb3 Nbd7 8. f4
Nc5 9. f5 Be7 10. Qf3 e5 11. Nde2 Nxb3 12. axb3 h6 13. g4 b5 14. Be3 Bb7 15.
O-O-O Rc8 16. Ng3 Qc7 17. Rd2 Bc6 18. h4 Nxe4 19. Ncxe4 d5 20. Nh5 Qa5 21. Kb1
dxe4 22. Qg3 f6 23. g5 1-0

[Event "Festival Magistrale"]
[Site "Jesolo ITA"]
[Date "1999.12.??"]
[Round "4"]
[White "Dancevski, Orce"]
[Black "Fercec, Nenad"]
[Result "0-1"]
[WhiteElo "2429"]
[BlackElo "2476"]
[PlyCount "107"]
[EventDate "1999.12.26"]

1. d4 Nf6 2. Nf3 e6 3. c4 b6 4. e3 Bb7 5. Bd3 Be7 6. O-O O-O 7. Nc3 d5 8. b3
Nbd7 9. Bb2 c5 10. Qe2 cxd4 11. exd4 Nh5 12. Qe3 Ndf6 13. Ne5 g6 14. Rad1 Rc8
15. g4 Ng7 16. f4 Bd6 17. h3 a6 18. a4 Qc7 19. Rf2 Ba8 20. cxd5 Qb7 21. Be4
Nxe4 22. Nxe4 Be7 23. d6 Bh4 24. Re2 f5 25. Nf3 Qxe4 26. Qxe4 Bxe4 27. Nxh4
Rfd8 28. Re3 Rxd6 29. Rd2 Rdc6 30. Kf2 Rc2 31. Rxc2 Rxc2+ 32. Re2 Rxe2+ 33.
Kxe2 Bc2 34. a5 bxa5 35. Bc3 Bxb3 36. Bxa5 Ne8 37. Nf3 Bc4+ 38. Ke3 Bf1 39.
gxf5 exf5 40. d5 Nf6 41. Kd4 Bg2 42. Ke5 Kg7 43. Bc3 Bxf3 44. Kd6 Bxd5 45. Ke7
a5 46. Bxf6+ Kh6 47. Kf8 a4 48. Bg5+ Kh5 49. Kg7 a3 50. Kxh7 a2 51. Bf6 Bg2 52.
h4 Bc6 53. Kg7 Bd7 54. Kf7 {...} 0-1

[Event "Festival Magistrale"]
[Site "Jesolo ITA"]
[Date "1999.12.??"]
[Round "4"]
[White "Dervishi, Erald"]
[Black "Miladinovic, Igor"]
[Result "1-0"]
[WhiteElo "2496"]
[BlackElo "2526"]
[PlyCount "81"]
[EventDate "1999.12.26"]

1. e4 c5 2. Nf3 Nc6 3. d4 cxd4 4. Nxd4 Qc7 5. Nc3 e6 6. Be2 a6 7. O-O Nf6 8.
Kh1 Nxd4 9. Qxd4 Bc5 10. Qd3 b5 11. f4 Bb7 12. Bf3 h5 13. e5 Ng4 14. Bxb7 Qxb7
15. Ne4 Be7 16. Bd2 Qc6 17. Rac1 Rc8 18. a3 f5 19. exf6 gxf6 20. Bc3 Rg8 21.
Ng5 Qd5 22. Qxd5 exd5 23. Nf3 Kf7 24. Bd4 a5 25. c3 b4 26. cxb4 axb4 27. a4 b3
28. a5 Ra8 29. Rc7 Rxa5 30. Rxd7 Nh6 31. Re1 Re8 32. Bc3 Ra6 33. Rxd5 Bd6 34.
Rxe8 Kxe8 35. g3 Ng4 36. Rxh5 Ne3 37. Ra5 Rc6 38. h4 Nd1 39. Bd4 Rc2 40. Rb5
Rc1 41. Kg2 1-0

[Event "Festival Magistrale"]
[Site "Jesolo ITA"]
[Date "1999.12.??"]
[Round "4"]
[White "Djuric, Stefan"]
[Black "Palac, Mladen"]
[Result "1/2-1/2"]
[WhiteElo "2504"]
[BlackElo "2610"]
[PlyCount "50"]
[EventDate "1999.12.26"]

1. e4 c5 2. Nf3 d6 3. c3 Nf6 4. d3 g6 5. g3 Bg7 6. Bg2 O-O 7. O-O Nc6 8. Re1 e5
9. a3 h6 10. Nbd2 Be6 11. b4 Nd7 12. Bb2 b5 13. Rb1 Nb6 14. Ba1 cxb4 15. axb4
Re8 16. d4 exd4 17. cxd4 d5 18. e5 Qe7 19. Nb3 Bf5 20. Rc1 Nxb4 21. Nh4 Be6 22.
f4 g5 23. f5 gxh4 24. fxe6 fxe6 25. Bh3 25... Rac8 {...} 1/2-1/2

[Event "Festival Magistrale"]
[Site "Jesolo ITA"]
[Date "1999.12.??"]
[Round "4"]
[White "Drazic, Sinisa"]
[Black "Mrdja, Milan"]
[Result "1-0"]
[WhiteElo "2493"]
[BlackElo "2425"]
[PlyCount "68"]
[EventDate "1999.12.26"]

1. d4 Nf6 2. Nc3 d5 3. Bg5 Nbd7 4. Nf3 e6 5. a3 Be7 6. e3 h6 7. Bh4 Ne4 8. Bxe7
Qxe7 9. Nxe4 dxe4 10. Nd2 Nf6 11. Bb5+ c6 12. Be2 O-O 13. c3 e5 14. Qc2 exd4
15. cxd4 Re8 16. O-O Bg4 17. Bxg4 Nxg4 18. f3 Nf6 19. Rac1 Rad8 20. Qc5 Nd5 21.
Qxe7 Rxe7 22. Nb1 f6 23. Nc3 Nxc3 24. bxc3 c5 25. Rfd1 Rd6 26. dxc5 Ra6 27. c4
Rxa3 28. Ra1 Rc3 29. Rd4 a6 30. g4 Kh7 31. Kg2 h5 32. Kg3 Rc2 33. c6 bxc6 34.
Rxa6 34... h4+ {...} 1-0

[Event "Festival Magistrale"]
[Site "Jesolo ITA"]
[Date "1999.12.??"]
[Round "4"]
[White "Komarov, Dimitri"]
[Black "Golubovic, Boris"]
[Result "1-0"]
[WhiteElo "2582"]
[BlackElo "2457"]
[PlyCount "101"]
[EventDate "1999.12.26"]

1. d4 Nf6 2. c4 d6 3. Nf3 Nbd7 4. Nc3 g6 5. e4 Bg7 6. Be2 O-O 7. O-O e5 8. Be3
h6 9. dxe5 dxe5 10. Qc1 Kh7 11. Rd1 Ne8 12. Nd2 c6 13. c5 Qe7 14. b4 Ndf6 15.
f3 Nh5 16. Nc4 Nf4 17. Bf1 h5 18. Ne2 Nxe2+ 19. Bxe2 Nc7 20. Bg5 f6 21. Be3 Ne6
22. Nd6 Nd4 23. Bxd4 exd4 24. f4 f5 25. e5 g5 26. Bd3 Be6 27. Rf1 Kg6 28. Qd2
Bh6 29. Bc4 Bxc4 30. Nxc4 gxf4 31. Qxd4 Rad8 32. Nd6 Rd7 33. Rad1 Qe6 34. Qc4
Re8 35. Qc2 Ree7 36. Rde1 Rd8 37. g3 Rf8 38. gxf4 Kh7 39. Qc4 Qg6+ 40. Kh1 Qg4
41. Re3 h4 42. h3 Qh5 43. Rg1 b5 44. Qf1 Rg8 45. Rxg8 Kxg8 46. e6 Bxf4 47. Rf3
Bxd6 48. cxd6 Rxe6 49. d7 Rd6 50. Rd3 Qh6 51. d8=Q+ 1-0